Jeux-vidéos de Blizzard Entertainment - Statistiques

Statistiques générales
  • Ce quiz a été pris 268 fois
  • Le résultat moyen est 4 sur 11
Statistiques - réponses
Indice Jeu % Correct
MMORPG World of Warcraft
90%
FPS Overwatch
83%
Jeu de cartes à collectioner Hearthstone
74%
Jeu vidéo d'action et de rôle Diablo
58%
Jeu de stratégie en temps réel Starcraft
53%
MOBA Heroes of the Storm
42%
Jeu de plate-forme et de réflexion The Lost Vikings
11%
Jeu de course (2 réponses possibles) RPM Racing | Rock N'Roll Racing
3%
Jeu d'action et de plate-forme Blackhawk
2%
Jeu de combat Justice League Task Force
1%
Jeu de type "Beat them all" The Death and Return of Superman
0%
Aucun quiz correspondant
Distribution des résultats
% des personnes avec chaque résultat
Percentile par nombre de réponses
Votre historique - résultats
Vous n’avez pas pris ce quiz